Science Quiz

Random Science or Animal Quiz

Prehistoric Animals by Meanings Quiz Stats

 Plays Quiz Updated Sep 30, 2019

Score 0/25 Timer 07:00
6 Plays Today
Meaning Animal % Correct
Tyrant lizard kingTyrannosaurus Rex
96.1%
Three-horned faceTriceratops
82.2%
Speedy robberVelociraptor
61.5%
Winged fingerPterodactyl
53.7%
Roofed lizardStegosaurus
29.7%
Lizard from AlbertaAlbertosaurus
25.4%
Deceptive lizardApatosaurus
23.9%
Iguana toothIguanodon
20.7%
Arm lizardBrachiosaurus
17.8%
Egg seizerOviraptor
17.7%
Ancient wingArchaeopteryx
15.9%
Fish lizardIchthyosaurus
13.4%
Good mother lizardMaiasaura
12%
Meaning Animal % Correct
Double beamedDiplodocus
11.4%
Thick-headed lizardPachycephalosaurus
10.9%
Different lizardAllosaurus
10.3%
Big-toothMegalodon
9.4%
Winged and toothlessPteranodon
9.2%
Breast toothMastodon
8.6%
Quake lizardSeismosaurus
8.2%
Stiff lizardAnkylosaurus
6.4%
Chisel toothSmilodon
6.4%
Thorn lizardSpinosaurus
4.5%
Close to lizardPlesiosaur
4.1%
Parrot lizardPsittacosaurus
3.4%

You're not logged in!

Compare scores with friends on all Sporcle quizzes.
OR
Log In

Sporcle TV

Today on Sporcle TV


Watch our educational content, quiz creation guides, and fun videos on Sporcle TV.

Show Comments

Extras

Top Quizzes Today


Score Distribution

Your Account Isn't Verified!

In order to create a playlist on Sporcle, you need to verify the email address you used during registration. Go to your Sporcle Settings to finish the process.

Report this User

Report this user for behavior that violates our Community Guidelines.

Details: